تأمين الإنترنت وشبكات المعلومات / (Record no. 29587)
[ view plain ]
| 000 -الفاتح | |
|---|---|
| حقل البيانات ثابتة الطول | 01305nam a22002777a 4500 |
| 003 - محدد رقم الضبط | |
| رقم الضبط | EG-ScBUE |
| 005 - وقت وتاريخ اخر تعامل مع التسجيلة | |
| رقم الضبط | 20211016091010.0 |
| 008 - عناصر البيانات ثابتة الطول - معلومات عامة | |
| حقل البيانات ثابتة الطول | 211016s2010 xx k f b 000 0 ara d |
| 040 ## - مصدر الفهرسة | |
| وكالة الفهرسة الأصلية | EG-ScBUE |
| لغة الفهرسة | ara |
| قواعد الوصف | rda |
| وكالة النسخ | EG-ScBUE |
| وكالة التعديل | EG-ScBUE |
| 082 04 - رقم تصنيف ديوى العشرى | |
| رقم التصنيف | 364.168 |
| رقم المادة | ش ر ب |
| رقم الطبعة | 22 |
| 100 1# - المدخل الرئيسى - إسم شخصى | |
| الإسم الشخصى | الشربيني، أحمد مصطفى، |
| الدور | مؤلف. |
| 245 10 - بيان العنوان | |
| العنوان | تأمين الإنترنت وشبكات المعلومات / |
| بيان المسئوليه,etc | أ. د. أحمد مصطفى الشربيني، أستاذ نظم الاتصالات والشبكات بكلية الهندسة جامعة القاهرة، أ. م. د. وفائي بغدادي محمد، استشاري نظم وشبكات المعلومات. |
| 264 #1 - النشر، التوزيع | |
| مكان الناشر او الموزع | [مكان النشر غير محدد] : |
| اسم الناشر او الموزع | [اسم الناشر غير محدد]، |
| تاريخ النشر أو التوزيع | [2010] |
| 300 ## - الوصف المادى | |
| التعداد | 178 صفحة : |
| تفاصيل ماديه اخرى للوعاء | أشكال ؛ |
| أبعاد الوعاء | 24 سم |
| 336 ## - نوع المحتوى | |
| source | rdacontent |
| Carrier Type Term | نص |
| Content Type Code | txt |
| 337 ## - نوع الوسيط | |
| source | rdamedia |
| Media Type Term | بدون وسيط |
| Media Type Code | n |
| 338 ## - نوع الحامل أو الناقل | |
| source | rdacarrier |
| Carrier Type Term | مجلد |
| Carrier Type Code | nc |
| 504 ## - تبصرة ببليوجرافية | |
| تبصرة ببليوجرافية,الخ | يشتمل على إرجاعات ببليوجرافية. |
| 541 ## - تبصرة المصدر المباشر للتزويد | |
| طريقة التزويد | إهداء. |
| 650 #7 - المدخل الاضافى بالموضوع-مصطلح موضوعى | |
| مصطلح موضوعي أو اسم جغرافي كعنصر مدخل | الإنترنت |
| التقسيم الفرعي العام | رقابة. |
| مصدر الرأس أو المصطلح | BUEsh |
| 650 #7 - المدخل الاضافى بالموضوع-مصطلح موضوعى | |
| مصطلح موضوعي أو اسم جغرافي كعنصر مدخل | جرائم الحاسب. |
| مصدر الرأس أو المصطلح | BUEsh |
| 653 ## - مصطلح تكشيفى غير مقيد | |
| Resource For college | Informatics and Computer Science |
| Arrived date list | October2021 |
| 655 ## - مصطلح تكشيفى-نوع/شكل | |
| التقسيم الفرعي الشكلي | Reading book |
| -- | 34232 |
| 700 1# - المدخل الاضافى - اسم شخصى | |
| الإسم الشخصى | محمد، وفائي بغدادي، |
| الدور | مؤلف. |
| 942 ## - عناصر المدخل الإضافي( كوها) | |
| مصدر التصنيف او مخطط الترفيف | Dewey Decimal Classification |
| حالة التراجع | حالة الفقد | مصدر التصنيف او خطة الترفيف | حالة تلف | ليس للاعارة | مجموعات كوها | المكان الدائم | المكان الحالي | موقع الترفيف | تاريخ الاكتساب | Source of acquisition | رقم الاستدعاء | الباركود | Date last seen | نوع الوعاء |
|---|---|---|---|---|---|---|---|---|---|---|---|---|---|---|
| Dewey Decimal Classification | Donation-Gift | Central Library | Central Library | First floor | 16/10/2021 | Donation | 364.168 ش ر ب | 000050836 | 15/07/2025 | Book - Borrowing |